00171nam a2200073Ia 4500082000800000245002500008100002300033008004100056 aARC 0aTwelve red herrings  a ARCHER, Jeffrey 210825s9999 xx 000 0 und d